000 00443nam a2200193Ia 4500
005 20250603144830.0
008 250603s9999 xx 000 0 und d
020 _a9780132461184
050 _aHB 171.5 .F2487/
100 _aFarnham, Paul G.
245 0 _aEconomics for managers
250 _a2nd ed.
260 _aBoston
260 _bPearson Educlation Inc
260 _c2005
300 _a532 p
650 _aBoston
942 _cBK
999 _c40083
_d40083